000 00903nam a2200277 i 4500
001 C2-0299640
003 PPAK
005 20180728081247.0
008 090812s2008 my a|||| ||||| | may d
020 _a9832948636
040 _aPPAK
_beng
_cPPAK
_erda
082 0 4 _a923.2595118
_223
090 0 0 _a923.2595118
_bIND
_dKK
090 0 0 _a923.2595118
_bIND
_dR
100 1 _aIndra Devi, S.,
_eauthor
245 1 0 _aBiografi MUBARAK Melaka :
_bDatuk N. Arunasalam - Memoir seorang pejuang berjiwa rakyat
264 1 _aMelaka :
_bUniversiti Teknikal Malaysia Melaka ,
_c2008
300 _axxviii, 151 pages :
_bcolour illustrations ;
_c25 cm
336 _2rdacontent
_atext
337 _2rdamedia
_aunmediated
338 _2rdacarrier
_avolume
490 1 _aSiri penerbitan tokoh MUBARAK
650 1 0 _aPoliticians - Melaka - Biography.
830 0 _aSiri penerbitan tokoh MUBARAK
942 _ddc
_cB
999 _c103570
_d103570